Face2face, (Record no. 10213)

MARC details
000 -LEADER
fixed length control field 01822cam a22004335a 4500
001 - CONTROL NUMBER
control field 14146987
003 - CONTROL NUMBER IDENTIFIER
control field EG-ScBUE
005 - DATE AND TIME OF LATEST TRANSACTION
control field 20220522112546.0
008 - FIXED-LENGTH DATA ELEMENTS--GENERAL INFORMATION
fixed length control field 051019r20072005enka f 000 0 eng d
020 ## - INTERNATIONAL STANDARD BOOK NUMBER
International Standard Book Number 9780521613712
035 ## - SYSTEM CONTROL NUMBER
System control number (OCoLC)ocm61808524
040 ## - CATALOGING SOURCE
Original cataloging agency CU3SL
Language of cataloging eng
Description conventions rda
Transcribing agency CU3SL
Modifying agency DLC
-- DLC
-- EG-ScBUE
-- EG-ScBUE
082 04 - DEWEY DECIMAL CLASSIFICATION NUMBER
Classification number 428.24
Item number FAC
Edition number 22
245 00 - TITLE STATEMENT
Title Face2face,
Name of part/section of a work Elementary,
-- Teacher's book /
Statement of responsibility, etc Chris Redston, [three others] ; tests by Anthea Bazin.
246 3# - VARYING FORM OF TITLE
Title proper/short title Face to face
246 30 - VARYING FORM OF TITLE
Title proper/short title Elementary
246 30 - VARYING FORM OF TITLE
Title proper/short title Teacher's book
250 ## - EDITION STATEMENT
Edition statement Fourth printing.
264 #1 - PUBLICATION, DISTRIBUTION, ETC. (IMPRINT)
Place of publication, distribution, etc Cambridge :
Name of publisher, distributor, etc Cambridge University Press,
Date of publication, distribution, etc 2007.
300 ## - PHYSICAL DESCRIPTION
Extent 224 pages :
Other physical details color illustrations ;
Dimensions 28 cm
336 ## - CONTENT TYPE
Source rdacontent
Content type term text
Content type code txt
337 ## - MEDIA TYPE
Source rdamedia
Media type term unmediated
Media type code n
338 ## - CARRIER TYPE
Source rdacarrier
Carrier type term volume
Carrier type code nc
521 ## - TARGET AUDIENCE NOTE
Target audience note For A1 & A2 learners.<br/>
538 ## - SYSTEM DETAILS NOTE
System details note Accompanying CD-ROMs / Audio CD for Windows 98 SE, NT4, ME, 2000, XP.
650 #7 - SUBJECT ADDED ENTRY--TOPICAL TERM
Topical term or geographic name as entry element English language
General subdivision Study and teaching (Higher)
Form subdivision Foreign speakers.
Source of heading or term BUEsh
9 (RLIN) 8050
650 #7 - SUBJECT ADDED ENTRY--TOPICAL TERM
Topical term or geographic name as entry element English language
General subdivision Grammar
Form subdivision Problems, exercises, etc.
Source of heading or term BUEsh
650 #7 - SUBJECT ADDED ENTRY--TOPICAL TERM
Topical term or geographic name as entry element English language
General subdivision Rhetoric
Form subdivision Problems, exercises etc.
Source of heading or term BUEsh
650 #7 - SUBJECT ADDED ENTRY--TOPICAL TERM
Topical term or geographic name as entry element Vocabulary
Form subdivision Problems, exercises, etc.
Source of heading or term BUEsh
651 ## - SUBJECT ADDED ENTRY--GEOGRAPHIC NAME
Source of heading or term BUEsh
653 ## - INDEX TERM--UNCONTROLLED
Resource For college Humanities: English
Arrived date list August2015
-- January2019
655 ## - INDEX TERM--GENRE/FORM
Form subdivision Reading book
9 (RLIN) 34232
700 1# - ADDED ENTRY--PERSONAL NAME
Personal name Redston, Chris,
Relator term author.
9 (RLIN) 474
700 1# - ADDED ENTRY--PERSONAL NAME
Personal name Bazin, Anthea,
Relator term editor.
9 (RLIN) 36017
856 42 - ELECTRONIC LOCATION AND ACCESS
Materials specified Publisher description
Uniform Resource Identifier <a href="http://www.loc.gov/catdir/enhancements/fy0632/2005283162-d.html">http://www.loc.gov/catdir/enhancements/fy0632/2005283162-d.html</a>
942 ## - ADDED ENTRY ELEMENTS (KOHA)
Source of classification or shelving scheme Dewey Decimal Classification
Koha item type Book - Teacher Resource
Holdings
Withdrawn status Lost status Source of classification or shelving scheme Damaged status Not for loan Home library Current library Shelving location Date acquired Source of acquisition Total Checkouts Full call number Barcode Date last seen Date checked out Koha item type Price effective from
    Dewey Decimal Classification     Central Library Central Library Second Floor 15/10/2008 Purchase 2 428.24 FAC 000014027 15/07/2025 16/02/2009 Book - Borrowing  
    Dewey Decimal Classification     Central Library Central Library Second Floor 15/10/2008 Purchase 1 428.24 FAC 000014028 15/07/2025 15/12/2013 Book - Borrowing  
    Dewey Decimal Classification     Central Library Central Library Second Floor 15/10/2008 Purchase 1 428.24 FAC 000014029 15/07/2025 17/02/2009 Book - Borrowing 15/10/2008
    Dewey Decimal Classification     Central Library Central Library Second Floor 15/10/2008 Purchase 1 428.24 FAC 000014030 15/07/2025 02/11/2008 Book - Borrowing